000 00989nam a2200289 a 4500
001 42996
003 BD-RjUL
005 20211209053628.0
008 160618s1970 enka b 010 0 eng
020 _a0582500184
035 _a(BD-RjUL)43114
035 _a1148215
040 _aLC
_beng
_cLC
_dLC
041 _aeng
082 0 0 _a327.08
_bSTU 1970
245 0 0 _aStudies in diplomatic history :
_bessays in memory of David Bayne Horn /
_cedited by Ragnhild Hatton & M.S. Anderson.
260 _aHarlow :
_bLongmans,
_c1970.
300 _axiv, 384 p. :
_bill. ;
_c23 cm.
504 _a"David Bayne Horn: A bibliography, compiled by Hugh Dunthorne: p. 373-384."
600 1 0 _aHorn, D. B.
_q(David Bayne),
_d1901-1969.
_9132038
651 0 _aEurope
_xHistory.
_9132039
700 1 _aAnderson, M. S.
_q(Matthew Smith),
_eed.
_9132040
700 1 _aHorn, D. B.
_q(David Bayne),
_d1901-1969.
_9132038
700 1 _aHatton, Ragnhild Marie,
_eed.
_9132041
942 _2ddc
_cBK
999 _c42996
_d42996